What is cultural criticism? (Record no. 1435825)

MARC details
000 -LEADER
fixed length control field 00807 a2200241 4500
005 - DATE AND TIME OF LATEST TRANSACTION
control field 20251120140902.0
008 - FIXED-LENGTH DATA ELEMENTS--GENERAL INFORMATION
fixed length control field 251120b |||||||| |||| 00| 0 eng d
020 ## - INTERNATIONAL STANDARD BOOK NUMBER
International Standard Book Number 9781804293379 (pbk)
037 ## - SOURCE OF ACQUISITION
Terms of availability TB
040 ## - CATALOGING SOURCE
Original cataloging agency CRL
Transcribing agency CRL
041 ## - LANGUAGE CODE
Source of code eng
Language code of text/sound track or separate title eng
084 ## - COLON CLASSIFICATION NUMBER
Classification number O111:g R4
Assigning agency CRL
100 ## - MAIN ENTRY--PERSONAL NAME
Personal name Mulhern, Francis
9 (RLIN) 821987
245 ## - TITLE STATEMENT
Title What is cultural criticism?
260 ## - PUBLICATION, DISTRIBUTION, ETC.
Place of publication, distribution, etc. London, UK;
-- New York, USA:
Name of publisher, distributor, etc. Verso,
Date of publication, distribution, etc. 2024.
300 ## - PHYSICAL DESCRIPTION
Extent ix, 212p.
365 ## - TRADE PRICE
Price amount 25.00
Currency code UKP
650 ## - SUBJECT ADDED ENTRY--TOPICAL TERM
Topical term or geographic name entry element English Literature
9 (RLIN) 852601
650 ## - SUBJECT ADDED ENTRY--TOPICAL TERM
Topical term or geographic name entry element English Criticism
9 (RLIN) 852602
700 ## - ADDED ENTRY--PERSONAL NAME
Personal name Collini, Stefan
Relator term editor.
9 (RLIN) 852603
942 ## - ADDED ENTRY ELEMENTS (KOHA)
Koha item type Textbook
Source of classification or shelving scheme Colon Classification (CC)
Suppress in OPAC No
Classification part O111:g R4
Holdings
Withdrawn status Lost status Source of classification or shelving scheme Damaged status Not for loan Home library Current library Date acquired Source of acquisition Cost, normal purchase price Inventory number Total Checkouts Full call number Barcode Date last seen Cost, replacement price Price effective from Koha item type
    Colon Classification (CC)     Central Library Central Library 2025-10-13 26/ Efficient Book Distributors 2387.40 9436 & 2025-10-07   O111:g R4 CL1923929 2025-10-13 2984.25 2025-10-13 Textbook
Copyright @ Delhi University Library System